000 01306nam a2200301 c 4500
999 _c344422
_d344422
003 BLK
005 20200427115530.0
008 180911b bul|||||r ||||||| ||bul||
010 _a004087
040 _aBLK
041 _aUKR
_cBUL
080 _aРусо, Жан-Жак
_x92
_z172.15(44)(092)92
100 1 _aШУЛЬГИН, Олександер
_eпърви автор
_9399777
245 0 0 _aIдеольогiчне корiння французького патрiотизму доби революцii
246 _aПатрiотичнi та державнi iдеi Жан-Жака Руссо
260 _c1939
300 _a25 с
_c24 см
380 _a0
490 _aЧастна колекция - Академик Михаил Арнаудов
_gДарение - Основен фонд
500 _aАвтограф с текст: Дорогому М. П. Арнаудову на добрий спомен та в ознаку найбiльшоi вдячности i сердечного. Мои пошани до него. Софiя. 4/ХI 1939 г. О. Шулгин;
501 _aОтпеч. : 1939. - с. 505-530.
650 _aПисатели
_9166332
650 _aБиографии
_9148657
655 _aЕтика
_9399778
700 1 _aОлександер Шульгин
_9399779
852 _aМА 3472
_bМА
942 _cKNG
_n0
_s1
944 _aCR
_c1994
999 _d344422
999 _d344422